The Elemental Workplace (Record no. 96600)

MARC details
000 -LEADER
fixed length control field 00543nam a2200217Ia 4500
005 - DATE AND TIME OF LATEST TRANSACTION
control field 20251121235329.0
008 - FIXED-LENGTH DATA ELEMENTS--GENERAL INFORMATION
fixed length control field 230125s9999 xx 000 0 und d
020 ## - INTERNATIONAL STANDARD BOOK NUMBER
International Standard Book Number 9789352807482
041 ## - LANGUAGE CODE
Language code of text/sound track or separate title eng
082 ## - DEWEY DECIMAL CLASSIFICATION NUMBER
Classification number 158.1
Item number USH
100 ## - MAIN ENTRY--PERSONAL NAME
Author Usher N
245 ## - TITLE STATEMENT
Title The Elemental Workplace
250 ## - EDITION STATEMENT
Edition statement 1st Ed.
260 ## - PUBLICATION, DISTRIBUTION, ETC.
Date of publication, distribution, etc. 2018
Name of publisher, distributor, etc. Sage publication
Place of publication, distribution, etc. New Delhi
300 ## - PHYSICAL DESCRIPTION
Extent 236p
500 ## - GENERAL NOTE
Keywords Personality Development
650 ## - SUBJECT ADDED ENTRY--TOPICAL TERM
Topical term or geographic name entry element Personality Development
700 ## - ADDED ENTRY--PERSONAL NAME
Personal name Usher N
942 ## - ADDED ENTRY ELEMENTS (KOHA)
Koha item type Books
906 ## - LOCAL DATA ELEMENT F, LDF (RLIN)
b 106.25
Holdings
Withdrawn status Lost status Damaged status Not for loan Home library Current library Date acquired Vendor Net Price Bill number Total Checkouts Full call number Barcode Date last seen Actual Price Bill Date Koha item type Original Barcode
        Smt. Hiraben Nanavati Institute of Management & Research for Women Smt. Hiraben Nanavati Institute of Management & Research for Women 09/03/2021 Forward Books 425.00 11363   158.1 USH B21046 HIMR-BK-21046 25/01/2023 318.75 05/03/2021 Books B21046